000 00716nam a2200253 a 4500
999 _c10497
_d10497
001 10497
003 BD-JhCC
005 20180430174513.0
008 180430s1965 nbu |||| |||| 000 0 eng d
020 _a822005425
035 _a(BD-JhCC)10497
040 _aBD-JhCC
_dBD-JhCC
041 _aeng
082 _a813.09
_bCAR 1965
100 _a Carey, G. K.
_q (Gary K.)
245 _aThe grapes of wrath :
_bnotes /
_c G. K. Carey; James L. Roberts,
260 _aUSA :
_bCliffs Notes, Inc.
_c1965
300 _a73 p . :
_c21 cm.
504 _aIncludes bibliography
600 _aSteinbeck, John,
_d1902-1968
650 _aGrapes of wrath (Steinbeck, John)
700 _aRoberts, James L.,
942 _2ddc
_cBK